The whole building handbook : (Record no. 352196)
[ view plain ]
| 000 -LEADER | |
|---|---|
| fixed length control field | 01150 a2200301 4500 |
| 003 - CONTROL NUMBER IDENTIFIER | |
| control field | OSt |
| 005 - DATE AND TIME OF LATEST TRANSACTION | |
| control field | 20180116192326.0 |
| 008 - FIXED-LENGTH DATA ELEMENTS--GENERAL INFORMATION | |
| fixed length control field | 120229t xxu||||| |||| 00| 0 eng d |
| 010 ## - LIBRARY OF CONGRESS CONTROL NUMBER | |
| LC control number | 2009002968 |
| 020 ## - INTERNATIONAL STANDARD BOOK NUMBER | |
| International Standard Book Number | 9781844078332 (hbk.) |
| 020 ## - INTERNATIONAL STANDARD BOOK NUMBER | |
| International Standard Book Number | 1844078337 (hbk.) |
| 020 ## - INTERNATIONAL STANDARD BOOK NUMBER | |
| International Standard Book Number | 9781844075232 (pbk.) |
| 020 ## - INTERNATIONAL STANDARD BOOK NUMBER | |
| International Standard Book Number | 1844075230 (pbk.) |
| 035 ## - SYSTEM CONTROL NUMBER | |
| System control number | (OCoLC)ocn228374320 |
| 040 ## - CATALOGING SOURCE | |
| Transcribing agency | 0 |
| 082 00 - DEWEY DECIMAL CLASSIFICATION NUMBER | |
| Classification number | 720.47 |
| 100 1# - MAIN ENTRY--PERSONAL NAME | |
| Personal name | Bokalders, Varis, |
| 9 (RLIN) | 317 |
| 245 14 - TITLE STATEMENT | |
| Title | The whole building handbook : |
| Remainder of title | how to design healthy, efficient and sustainable buildings / |
| Statement of responsibility, etc. | Varis Bokalders and Maria Block. |
| 260 ## - PUBLICATION, DISTRIBUTION, ETC. | |
| Place of publication, distribution, etc. | London ; |
| -- | Sterling, VA : |
| Name of publisher, distributor, etc. | Earthscan, |
| Date of publication, distribution, etc. | 2010. |
| 300 ## - PHYSICAL DESCRIPTION | |
| Extent | xii, 689 p. : |
| Other physical details | ill. (some col.), maps, plans ; |
| Dimensions | 25 cm. |
| 500 ## - GENERAL NOTE | |
| General note | Originally published: Byggekologi. Stockholm : Svensk byggtjèanst, 2004. |
| 650 #0 - SUBJECT ADDED ENTRY--TOPICAL TERM | |
| Topical term or geographic name entry element | Sustainable architecture. |
| 9 (RLIN) | 318 |
| 650 #0 - SUBJECT ADDED ENTRY--TOPICAL TERM | |
| Topical term or geographic name entry element | Sustainable buildings |
| General subdivision | Design and construction. |
| 9 (RLIN) | 319 |
| 700 1# - ADDED ENTRY--PERSONAL NAME | |
| Personal name | Block, Maria. |
| 9 (RLIN) | 320 |
| 942 ## - ADDED ENTRY ELEMENTS (KOHA) | |
| Institution code [OBSOLETE] | SADA |
| Koha item type | Book |
| Call number prefix | 720. 47 BOK 2010 |
| Source of classification or shelving scheme | |
| Withdrawn status | Lost status | Source of classification or shelving scheme | Damaged status | Not for loan | Permanent Location | Current Location | Date acquired | Full call number | Barcode | Date last seen | Copy number | Price effective from | Koha item type | Total Checkouts | Date last checked out | Cost, replacement price |
|---|---|---|---|---|---|---|---|---|---|---|---|---|---|---|---|---|
| School of Art Design and Architecture (SADA) | School of Art Design and Architecture (SADA) | 02/10/2011 | 720.47 BOK 2010 | SADA0000620 | 08/05/2011 | 02 | 08/05/2011 | Book | ||||||||
| School of Art Design and Architecture (SADA) | School of Art Design and Architecture (SADA) | 09/28/2010 | 720.47 BOK 2010 | SADA0000197 | 11/03/2011 | 01 | 08/05/2011 | Book | 1 | 10/26/2011 | 5262.00 |
